Can the Mortensen-Pissarides model with productivity changes explain U.S. wage inequality? (Registro nro. 33399)

Detalles MARC
000 -LEADER
fixed length control field 00380 a2200109 4500
001 - CONTROL NUMBER
control field ART_43479
005 - DATE AND TIME OF LATEST TRANSACTION
control field 20260410162024.0
008 - FIXED-LENGTH DATA ELEMENTS--GENERAL INFORMATION
fixed length control field 260409a
100 1# - MAIN ENTRY--PERSONAL NAME
Personal name Wong, Linda Y.
245 10 - TITLE STATEMENT
Title Can the Mortensen-Pissarides model with productivity changes explain U.S. wage inequality?
773 0# - HOST ITEM ENTRY
Title Journal of labor economics
Related parts - Vol. 21, Nº 1 (ene. 2003)
Record control number REV43438

No hay ítems disponibles.